<?xml version="1.0" encoding="UTF-8"?>
<record
    xmlns:xsi="http://www.w3.org/2001/XMLSchema-instance"
    xsi:schemaLocation="http://www.loc.gov/MARC21/slim http://www.loc.gov/standards/marcxml/schema/MARC21slim.xsd"
    xmlns="http://www.loc.gov/MARC21/slim">

  <leader>02218nab a2200241uuc4500</leader>
  <controlfield tag="001">1309457</controlfield>
  <controlfield tag="005">20240202110029.0</controlfield>
  <controlfield tag="008">121207e20110901                    eng  </controlfield>
  <datafield tag="035" ind1=" " ind2=" ">
    <subfield code="a">1309457</subfield>
  </datafield>
  <datafield tag="040" ind1=" " ind2=" ">
    <subfield code="c">comduadb</subfield>
  </datafield>
  <datafield tag="041" ind1=" " ind2=" ">
    <subfield code="a">eng</subfield>
  </datafield>
  <datafield tag="100" ind1="1" ind2="0">
    <subfield code="a">G&#xF3;mez Rodr&#xED;guez, Gabriela</subfield>
    <subfield code="4">aut</subfield>
    <subfield code="e">aut</subfield>
    <subfield code="9">663855</subfield>
  </datafield>
  <datafield tag="245" ind1="1" ind2="0">
    <subfield code="a">Analysis of the effect of El Ni&#xF1;o and La Ni&#xF1;a on Tecocomulco Lake, Central basin, Mexico</subfield>
  </datafield>
  <datafield tag="520" ind1="3" ind2=" ">
    <subfield code="a">El lago de Tecocomulco es un relicto de la gran cuenca central de M&#xE9;xico. Su superficie var&#xED;a en respuesta tanto de la variaci&#xF3;n en los aportes terrestres como de los efectos de los fen&#xF3;menos clim&#xE1;ticos El Ni&#xF1;o y La Ni&#xF1;a. Es endorreico, con una baja precipitaci&#xF3;n y un aporte fluvial bajo e intermitente, una alta evaporaci&#xF3;n, y una contribuci&#xF3;n considerable de sedimentos debido a la deforestaci&#xF3;n y a un mal manejo de la cuenca. La vegetaci&#xF3;n m&#xE1;s importante es Schoenoplectus californicus que crece masivamente en &#xE1;reas lodosas, disminuyendo la profundidad y reduciendo el &#xE1;rea inundada. El lago es visitado por aves procedentes de EUA y Canad&#xE1;, que llegan para anidar y reproducirse. Durante los a&#xF1;os extremadamente secos coincidentes con el fen&#xF3;meno de El Ni&#xF1;o, las &#xE1;reas desecadas son usadas por los habitantes locales en un 9% de su superficie aproximadamente para cultivos, generando un problema social durante los a&#xF1;os extremadamente lluviosos coincidentes con La Ni&#xF1;a, cuando el &#xE1;rea del lago aumenta e inunda las tierras cultivadas. En El Ni&#xF1;o 2001-2002, la superficie del Lago de Tecocomulco se redujo un 37%, generando una baja profundidad de 0.75-1 m que puede ser asociada con una mayor temperatura, y en consecuencia una alta evaporaci&#xF3;n, situaci&#xF3;n que debe ser corroborada con m&#xE1;s estudios.</subfield>
  </datafield>
  <datafield tag="650" ind1=" " ind2=" ">
    <subfield code="a">M&#xE9;xico - Geograf&#xED;a pol&#xED;tica</subfield>
    <subfield code="9">92975</subfield>
  </datafield>
  <datafield tag="650" ind1=" " ind2=" ">
    <subfield code="a">Fen&#xF3;meno del Ni&#xF1;o</subfield>
    <subfield code="9">52904</subfield>
  </datafield>
  <datafield tag="650" ind1=" " ind2=" ">
    <subfield code="a">Fen&#xF3;meno de la Ni&#xF1;a</subfield>
    <subfield code="9">98266</subfield>
  </datafield>
  <datafield tag="700" ind1="1" ind2="0">
    <subfield code="a">Islas Islas, Arturo</subfield>
    <subfield code="4">aut</subfield>
    <subfield code="e">aut</subfield>
    <subfield code="9">646032</subfield>
  </datafield>
  <datafield tag="700" ind1="1" ind2="0">
    <subfield code="a">Escalante Richards, Vicente</subfield>
    <subfield code="4">aut</subfield>
    <subfield code="e">aut</subfield>
    <subfield code="9">676892</subfield>
  </datafield>
  <datafield tag="700" ind1="1" ind2="0">
    <subfield code="a">Lanza Espino, Guadalupe de la</subfield>
    <subfield code="4">aut</subfield>
    <subfield code="e">aut</subfield>
    <subfield code="9">498253</subfield>
  </datafield>
  <datafield tag="773" ind1="0" ind2=" ">
    <subfield code="t">Hidrobiol&#xF3;gica (M&#xE9;xico)</subfield>
    <subfield code="g">Volumen 21, N&#xFA;mero 03, Diciembre 2011, p. 249-259</subfield>
    <subfield code="w">596369</subfield>
    <subfield code="x">0188-8897</subfield>
    <subfield code="0">149565</subfield>
  </datafield>
  <datafield tag="942" ind1=" " ind2=" ">
    <subfield code="c">ARIMP</subfield>
  </datafield>
  <datafield tag="999" ind1=" " ind2=" ">
    <subfield code="c">630116</subfield>
    <subfield code="d">630116</subfield>
  </datafield>
</record>
